01172nab a22002177a 4500003000400000005001700004008004100021040000700062100003000069245016500099260007200264300001300336500003800349505017400387505009500561505008900656650002000745650002000765650003100785773013800816OSt20251230234853.0190605e xxu||||| |||| 00| 0 spa d cPJ aBilvao Aranda, Facundo M.10aReforma Laboral por la Ley de Bases : bante sentencias discordantes en todo el país, la Corte Suprema dio sus primeras señales /cFacundo M. Bilvao Aranda. aCiudad Autónoma de Buenos Aires :bThomson Reuters La Ley,c2024. ap. 67-69 aCita: TR LALEY AR/DOC/2104/2024  aSumario: I. Introducción.— II. El caso.— III. La decisión de la Corte.— IV. Con pocas palabras, la Corte dijo mucho.— V. Aún queda mucha tela para cortar.  tFallo comentado: CS ~ 13/08/2024 ~ Domínguez, Yanina Vanesa c. Muresco S.A. s/ despido. t¿Te interesa el texto completo? Solicitalo al correo: koha@justierradelfuego.gov.ar 0aDERECHO LABORAL 0aREFORMA LABORAL 0aFALLOS DE LA CORTE SUPREMA0 02711dCiudad Autónoma de Buenos Aires : Thomson Reuters La Ley, 1999-2002.tRevista de derecho del trabajo. Nº 5 - Septiembre 2024